[Event "Provaglio op 27th"]
[Site "Provaglio"]
[Date "2010.11.12"]
[Round "3"]
[White "Cattaneo, Dario"]
[Black "Brugaletta, Giorgio"]
[Result "0-1"]
[WhiteElo "1599"]
[BlackElo "1675"]
[PlyCount "100"]
[EventDate "2010.10.29"]
[EventType "swiss"]
[EventRounds "8"]
[EventCountry "ITA"]
[SourceTitle "EXT 2015"]
[Source "ChessBase"]
[SourceDate "2014.11.20"]
[SourceVersion "1"]
[SourceVersionDate "2014.11.20"]
[SourceQuality "1"]

1. d4 d5 2. Nf3 Nf6 3. e3 e6 4. c4 c5 5. Nc3 cxd4 6. exd4 Nc6 7. Be2 a6 8. 0-0 Be7 9. b3 0-0 10. Re1 Bb4 11. Bd2 Bxc3 12. Bxc3 Ne4 13. Rc1 Nxc3 14. Rxc3 Qa5 15. Qd2 Bd7 16. Ne5 Nxe5 17. dxe5 Bc6 18. Rd3 Qc7 19. Bf3 dxc4 20. bxc4 Bxf3 21. Rxf3 Qxc4 22. g3 Rad8 23. Qb2 b5 24. a3 h6 25. Rc3 Qd4 26. Qb4 Qd2 27. Rcc1 Qxb4 28. axb4 Rd4 29. Rc6 Rxb4 30. Rxa6 Rb2 31. Rb6 Rc8 32. Rf1 Rc5 33. Rb8+ Kh7 34. Rd1 Rcc2 35. Rf1 Re2 36. Rb7 Kg6 37. Kg2 Rxe5 38. Kh3 Ree2 39. g4 f6 40. Kg3 e5 41. h4 Kh7 42. g5 hxg5 43. hxg5 fxg5 44. Kg4 Rxf2 45. Rh1+ Rh2 46. Rg1 Kh6 47. Kf5 g6+ 48. Kf6 e4 49. Rb8 Rhf2+ 50. Ke5 e3 0-1

[Event "Rivarolo Mantovano Weekend 5th"]
[Site "Rivarolo Mantovano"]
[Date "2007.10.12"]
[Round "1"]
[White "Trangoni, Bruno"]
[Black "Brugaletta, Giorgio"]
[Result "1-0"]
[WhiteElo "1983"]
[BlackElo "1518"]
[PlyCount "71"]
[EventDate "2007.10.12"]
[EventType "swiss"]
[EventRounds "5"]
[EventCountry "ITA"]
[SourceTitle "EXT 2010"]
[Source "ChessBase"]
[SourceDate "2010.11.25"]
[SourceVersion "1"]
[SourceVersionDate "2010.11.25"]
[SourceQuality "1"]

1. Nf3 d5 2. d4 c5 3. Bf4 Nc6 4. c3 e6 5. e3 Nf6 6. Bd3 cxd4 7. exd4 Bd6 8. Bxd6 Qxd6 9. 0-0 h6 10. Nbd2 0-0 11. Re1 Ne7 12. Ne5 Nd7 13. Ndf3 Nxe5 14. dxe5 Qc5 15. Nd4 Bd7 16. Qh5 f6 17. Re3 fxe5 18. Qxe5 Rf6 19. Rg3 Raf8 20. b4 Qb6 21. b5 Nf5 22. Bxf5 exf5 23. Qxd5+ R6f7 24. c4 Kh8 25. c5 Qf6 26. Re1 f4 27. Ra3 f3 28. Rxf3 Qg6 29. Rxf7 Rxf7 30. c6 bxc6 31. bxc6 Bh3 32. Qe4 Qf6 33. Nf3 Bf5 34. Qc4 Rc7 35. Re8+ Kh7 36. Ne5 1-0